Firefighting

Na minha lista:
Detalhes bibliográficos
Autor principal: Bernanke, Ben S.
Formato: Livro
Idioma:inglês
Publicado em: 2019
Tags: Adicionar Tag
Sem tags, seja o primeiro a adicionar uma tag!

MARC

LEADER 00000nam a2200000 4500
001 0315371
005 20260309230514.6
020 |a 9781788163361 
041 0 |a eng 
245 1 0 |a Firefighting  |c Ben S. Bernanke 
264 1 |c 2019 
100 1 |a Bernanke, Ben S.